000 00506nam a2200169Ia 4500
008 181130s2018 xx 000 0 und d
100 _aKukreja, Reena
245 _aCaste and cross-region marriages in Haryana, India:
_bexperience of Dalit cross-region brides in jat households
260 _c2018
300 _ap.492-531.
504 _dMar
650 _aCaste - India - Haryana
650 _aMarriage
650 _aMarriage - India - Haryana
773 _aModern Asian Studies
906 _aMarriage
999 _c506278
_d506278